=LOVE MV再生回数TOP20 - Statistics

General Stats
  • This quiz has been taken 78 times
    59 since last reset
  • The average score is 11 of 20
Answer Stats
楽曲名 再生回数 公開日 センター % Correct
2 絶対アイドル辞めないで 2500万 2024/06/22 佐々木舞香
86%
1 とくべチュ、して 4000万 2025/02/02 佐々木舞香
83%
15 青春”サブリミナル” 691万 2020/10/24 髙松瞳
80%
3 ラブソングに襲われる 1949万 2025/09/06 佐々木舞香
77%
4 あの子コンプレックス 1570万 2022/04/30 佐々木舞香
66%
6 超特急逃走中 1294万 2025/02/27 野口衣織
63%
7 呪って呪って 1025万 2024/02/03 野口衣織
60%
11 この空がトリガー 874万 2023/01/27 佐々木舞香
60%
14 ナツマトペ 710万 2023/06/19 佐々木舞香・野口衣織
60%
12 ラストノートしか知らない 805万 2023/10/18 齋藤樹愛羅
54%
20 The 5th 598万 2021/11/12 髙松瞳
54%
8 しゅきぴ 994万 2020/11/24 佐々木舞香
51%
13 内緒バナシ 744万 2025/08/10 大谷映美里
51%
17 ズルいよ ズルいね 624万 2019/10/04 齊藤なぎさ
46%
18 仲直りシュークリーム 621万 2024/07/24 髙松瞳・野口衣織
46%
5 劇薬中毒 1445万 2026/03/01 佐々木舞香・野口衣織
43%
9 恋人以上、好き未満 924万 2025/01/28 佐々木舞香
43%
19 僕らの制服クリスマス 601万 2017/11/06 髙松瞳
43%
10 Be Selfish 884万 2022/08/25 野口衣織
40%
16 Want you!Want you! 654万 2018/09/06 髙松瞳
37%
No matching quizzes found
Score Distribution
Percent of People with Each Score
Percentile by Number Answered
Your Score History
You have not taken this quiz since the last reset